00189nam a2200073Ia 4500008004100000100001300041245004300054260001800097170617s9999 xx 000 0 und d aSvehla-G 0aVogel's Qualitative Inorganic Analysis bAcadmic Press